Мицеллярные переходы в растворах поверхностно-активных веществ

Detalles Bibliográficos
Autor principal: Сердюк А. И. Александр Иванович
Otros Autores: Кучер Р. В. Роман Владимирович
Lenguaje:ruso
Publicado: Киев, Наукова думка, 1987
Materias:
Formato: Libro
KOHA link:https://koha.lib.tpu.ru/cgi-bin/koha/opac-detail.pl?biblionumber=100114

MARC

LEADER 00000nam0a2200000 4500
001 100114
005 20231031112030.0
035 |a (RuTPU)RU\TPU\book\107694 
090 |a 100114 
100 |a 20060814d1987 m y0rusy50 ca 
101 0 |a rus 
102 |a UA 
105 |a y z 001zy 
200 1 |a Мицеллярные переходы в растворах поверхностно-активных веществ  |f А. И. Сердюк, Р. В. Кучер 
210 |a Киев  |c Наукова думка  |d 1987 
215 |a 208 с. 
320 |a Библиогр.: с. 183-203. 
610 1 |a поверхностно-активные вещества 
610 1 |a растворы 
610 1 |a мицеллярные системы 
610 1 |a мицеллы 
675 |a 661.18  |v 3 
700 1 |a Сердюк  |b А. И.  |g Александр Иванович 
701 1 |a Кучер  |b Р. В.  |g Роман Владимирович 
801 1 |a RU  |b 63413507  |c 20060814  |g PSBO 
801 2 |a RU  |b 63413507  |c 20071031  |g PSBO 
942 |c BK